000 01329nam a22003137i 4500
003 EG-GICUC
005 20260311011446.0
008 260311b2018 ua|||||f |||| 00| 0 ara d
040 _a EG-GICUC
_bara
_c EG-GICUC
_d EG-GICUC
_erda
043 _af-ua---
082 0 4 _221
_a343.253
092 0 4 _221
099 _aLaw1 10 343.253 م ي . ا 2018
100 0 _aميادة مصطفى محمد المحروقي
245 1 2 _aالانتهاكات القانونية والشرعية التي تمثلها العلاقات المثلية الشاذة /
_cميادة مصطفى محمد المحروقي.
264 _aالمنصورة:
_b[جامعة المنصورة]:
_c2018.
300 _a65 صفحة
_c24 سم
_bإيضاحيات، صور، مثيليات ؛
336 _2rda content
_atext
337 _2rda media
_aComputer
338 _2rda carrier
_aOnline Resource
500 _aبمجلة البحوث القانونية والاقتصادية دورية-علمية-محكمة ، كلية الحقوق، جامعة المنصورة ، مصر
504 _a. 240-220 ببليوجرافيا: صفحات.
650 1 4 _aالفعل الزنا
_2qrmak
650 1 4 _aالزنا
_2qrmak
651 1 _2qrmak
856 4 0 _uhttps://fll.law.cu.edu.eg/fulltext/bks/B10-05047.pdf
905 _a17
942 _2ddc
_cBK
_e21
_n0
999 _c65998
_d65998